| 000 | 01137nam a22002777a 4500 | ||
|---|---|---|---|
| 001 | BD-DhSAU | ||
| 003 | BD-DhSAU | ||
| 005 | 20250720104415.0 | ||
| 008 | 150420b2005 bg ||||| m||| 00| 0 eng d | ||
| 040 | _aBD-DhSAU | ||
| 082 |
_222 _a635 _bR48 |
||
| 100 |
_aRIPA, SHANZIDA AKHTER _eRegistration No. # 15-06781 |
||
| 245 |
_aImpact of different organic leachate and clybio concentrations on growth and yield of ornamental sunflower / _bMS thesis |
||
| 260 |
_aSher-e-Bangla Agricultural Uniersity : _bDepartment of Horticulture, _c2022. |
||
| 300 |
_ax, 101p. ; _c30 cm. |
||
| 500 | _aMS thesis of Department of Horticulture, Faculty of Agriculture, Sher-e-Bangla Agricultural University, Dhaka, Bangladesh | ||
| 504 | _aIncludes bibliographical reference. | ||
| 590 | _aNazmul | ||
| 650 | _a organic leachate and clybio | ||
| 651 | _aconcentrations | ||
| 654 | _aornamental sunflower | ||
| 700 |
_aProf. Dr. A. F. M. Jamal Uddin _eSuperviser |
||
| 700 |
_aProf. Dr. Md. Nazrul Islam _eCo-superviser |
||
| 856 | _uhttp://archive.saulibrary.edu.bd:8080/xmlui/handle/123456789/5392 | ||
| 942 |
_2ddc _cTHESIS |
||
| 999 |
_c17559 _d17558 |
||